000 004840000a22001930004500
001 003936
003 MACL
005 20151006143208.0
008 151006b xxu||||| |||| 00| 0 eng d
040 _aMACL
_cMACL
041 _aEnglish
082 _a910.45/PAN
100 _aPanikkar, K.M.
_913888
245 _aAsia And Western Dominance
_cK.M. Panikkar
260 _aNew Delhi
_c1999
_bSomaiya Publications,
350 _a350
650 _aGeography
_913889
942 _k910
_cBK
_2ddc
999 _c15829
_d15829